SOME MORE SHORT STORIES (Record no. 193063)

MARC details
000 -LEADER
fixed length control field 00410nam a22001577a 4500
008 - FIXED-LENGTH DATA ELEMENTS--GENERAL INFORMATION
fixed length control field 221014b ||||| |||| 00| 0 eng d
082 ## - DEWEY DECIMAL CLASSIFICATION NUMBER
Classification number S-MAN
100 ## - MAIN ENTRY--PERSONAL NAME
Personal name MANDRAVAMAN,T.V
245 ## - TITLE STATEMENT
Title SOME MORE SHORT STORIES
Medium ENGLISH
260 ## - PUBLICATION, DISTRIBUTION, ETC. (IMPRINT)
Place of publication, distribution, etc NEW DELHI
Name of publisher, distributor, etc A.I.C.B.
270 ## - ADDRESS
Address A.I.C.B. ROHINI,NEW DELHI
300 ## - PHYSICAL DESCRIPTION
Extent .
Other physical details .
Dimensions 12X13
490 ## - SERIES STATEMENT
Volume number/sequential designation 1-2
700 ## - ADDED ENTRY--PERSONAL NAME
Personal name MANDRAVAMAN,T.V.
942 ## - ADDED ENTRY ELEMENTS (KOHA)
Source of classification or shelving scheme Dewey Decimal Classification
Item type Braille-Books-English
Call number prefix S
Call number suffix MAN
Holdings
Withdrawn status Lost status Not for loan Home library Current library Date acquired Source of acquisition Cost, normal purchase price Full call number Barcode Koha item type
      Braille-Library Braille-Library 14/10/2022 2022-10-14 5.00 MAN BR-003339 Braille-Books-English
      Braille-Library Braille-Library 14/10/2022   5.00 MAN BR-003340 Braille-Books-English
      Braille-Library Braille-Library 14/10/2022   5.00 MAN BR-003341 Braille-Books-English
      Braille-Library Braille-Library 14/10/2022   5.00 MAN BR-003342 Braille-Books-English

© Delhi Public Library
Hit Counter
free hit counter